00776 a2200181 45000010006000000050017000060080041000230030015000640400040000790800121001192450033002400200018002732640044002913000019003355050198003540410008005521000034005606022420260407155853.0260407a1984 arg spa dAR-UNSa-BCEJYS aAR-UNSa-BCEJYSbspacAR-UNSa-BCEJYS a342.7xDerechos fundamentales. Derechos humanos. Derechos y deberes de los ciudadanos (Derecho a la Salud, vivienda)10aGarantías constitucionales a950-14-0223-1 1aBuenos Aires :bEdiciones Depalmac1984 a190 p.c23 cm. a1. La protección constitucional de las libertades económicas - 2. La garantía constitucional del derecho de propiedad - 3. Retroactividad de las leyes tributarias. Casos incostitucionales aspa1 aGarcía Belsunse, Horacio A.